| 000 | 01221cam a2200229 4500 | ||
|---|---|---|---|
| 001 | WB4001-33 | ||
| 008 | 031223n2003 000 0 eng u | ||
| 035 | _a(Sirsi) u124696 | ||
| 245 | _aRICS - ICES statement | ||
| 260 | _c2003 | ||
| 490 |
_aRICS Quantity Surveying and Construction Faculty News _v16 December 2003 (1) |
||
| 520 | _aRICS is currently in negotiations with the Institution of Civil Engineering Surveyors (ICES) about merging operations. Discussions are at an early stage. No final decisions will be reached without consultation of both memberships. RICS and ICES already collaborate on joint projects. Closer working would be in the interest of all surveyors working in geospatial engineering and commercial management in the civil engineering sector. ICES website is at http://www.ices.org.uk/. http://www.rics.org/ricscms/bin/show?class=News&template=/includes/shownews.html&id=7840&faculty=Construction&faculty=All%20Faculties | ||
| 590 | _aWB | ||
| 650 | _aINSTITUTION OF CIVIL ENGINEERING SURVEYORS | ||
| 650 | _aICES | ||
| 650 | _aSURVEYORS | ||
| 650 | _aGEOSPATIAL ENGINEERING | ||
| 650 | _aCOMMERCIAL MANAGEMENT | ||
| 650 | _aCIVIL ENGINEERING | ||
| 690 | _aRICS NEWS | ||
| 942 | _n0 | ||
| 999 |
_c74005 _d74005 |
||